Japan's small businesses today

Guardat en:
Dades bibliogràfiques
Format: Llibre
Idioma:Undetermined
Publicat: Tokyo Keiei Joho Shuppan 1988
Matèries:
Etiquetes: Afegir etiqueta
Sense etiquetes, Sigues el primer a etiquetar aquest registre!
Thư viện lưu trữ: Trung tâm Học liệu Trường Đại học Cần Thơ
LEADER 00396nam a2200157Ia 4500
001 CTU_77835
008 210402s9999 xx 000 0 und d
082 |a 650 
082 |b J35 
245 0 |a Japan's small businesses today 
260 |a Tokyo 
260 |b Keiei Joho Shuppan 
260 |c 1988 
650 |a Business 
650 |z Japan 
980 |a Trung tâm Học liệu Trường Đại học Cần Thơ